000 00313nam a2200133Ia 4500
008 150201s2009 xx 000 0 und d
082 _a616.075
_bG09G
100 _aGUPTA,M.L.
245 _aGENERAL PATHOLOGY REVIEW
250 _a1ST
260 _bNINAD
_aDELHI
_c2009
650 _aPATHOLOGY
942 _2ddc
_cBK
_012
999 _c1211
_d1211